The noble scholar, jurist, historian


 His Excellency Dr. Abdul Wahhab bin Ibrahim Abu Sulaiman, may Allah have mercy on him.


 He was born in Umm Al-Qura in the year 1356 AH.

عنوان الأريب عما نشأ بالمملكة التونسية من عالم أديب / (Record no. 14598)

MARC details
000 -LEADER
fixed length control field 01073cam a22002651ia4500
003 - CONTROL NUMBER IDENTIFIER
control field SA-RiAUC
005 - DATE AND TIME OF LATEST TRANSACTION
control field 20260315134338.0
008 - FIXED-LENGTH DATA ELEMENTS--GENERAL INFORMATION
fixed length control field 260124s1932 ti g 000 0cara c
040 ## - CATALOGING SOURCE
Original cataloging agency SA-RiKSU
Language of cataloging ara
Transcribing agency SA-RiAUC
Description conventions rda
050 #4 - LIBRARY OF CONGRESS CALL NUMBER
Item number .M84 1932
082 04 - DEWEY DECIMAL CLASSIFICATION NUMBER
Classification number 928.1
Assigning agency SA-RiAUC
090 ## - LOCALLY ASSIGNED LC-TYPE CALL NUMBER (OCLC); LOCAL CALL NUMBER (RLIN)
Classification number (OCLC) (R) ; Classification number, CALL (RLIN) (NR) م ن 928.1
Local cutter number (OCLC) ; Book number/undivided call number, CALL (RLIN) م ح م
100 1# - MAIN ENTRY--PERSONAL NAME
Personal name محمد النيفر، محمد بن محمد الطيب،
Dates associated with a name 1276-1330 هجري
Relator term مؤلف.
245 10 - TITLE STATEMENT
Title عنوان الأريب عما نشأ بالمملكة التونسية من عالم أديب /
Statement of responsibility, etc. محمد النيفر.
250 ## - EDITION STATEMENT
Edition statement الطبعة الأولى.
264 #1 - PRODUCTION, PUBLICATION, DISTRIBUTION, MANUFACTURE, AND COPYRIGHT NOTICE
Place of production, publication, distribution, manufacture تونس :
Name of producer, publisher, distributor, manufacturer الدار التونسية،
Date of production, publication, distribution, manufacture, or copyright notice [1932]
300 ## - PHYSICAL DESCRIPTION
Extent 2 مجلد؛
Dimensions 29 سم.
336 ## - CONTENT TYPE
Content type term نص
Content type code txt
Source rdacontent
Materials specified كتاب
337 ## - MEDIA TYPE
Media type term بدون وسيط
Media type code n
Source rdamedia
338 ## - CARRIER TYPE
Carrier type term مجلد
Carrier type code nc
Source rdacarrier
650 #7 - SUBJECT ADDED ENTRY--TOPICAL TERM
Topical term or geographic name entry element الأدب العربي
Geographic subdivision تونس
General subdivision تاريخ ونقد
Source of heading or term aucsh
650 #7 - SUBJECT ADDED ENTRY--TOPICAL TERM
Topical term or geographic name entry element الأدباء العرب
Geographic subdivision تونس
Form subdivision تراجم
Source of heading or term aucsh
942 ## - ADDED ENTRY ELEMENTS (KOHA)
Source of classification or shelving scheme Dewey Decimal Classification
Koha item type كتاب مصور نادر
Suppress in OPAC No
949 ## - LOCAL PROCESSING INFORMATION (OCLC)
a SA-JeALM
d 260124
u mohamedma123
n 1
Holdings
Withdrawn status Lost status Source of classification or shelving scheme Materials specified (bound volume or other part) Damaged status Not for loan Home library Current library Date acquired Total checkouts Full call number Barcode Date last seen Price effective from Koha item type
    Dewey Decimal Classification الجزء الاول     DR AbdElwahab Library DR AbdElwahab Library 03/15/2026   م ن 928.1 م ح م 000023099 03/15/2026 03/15/2026 كتاب مصور نادر
    Dewey Decimal Classification الجزء الثاني     DR AbdElwahab Library DR AbdElwahab Library 04/05/2026   م ن 928.1 م ح م 000023285 04/05/2026 04/05/2026 كتاب مصور نادر